| 000 | 003700000a22001570004500 | ||
|---|---|---|---|
| 003 | MACL | ||
| 005 | 20151229121425.0 | ||
| 008 | 151229b xxu||||| |||| 00| 0 eng d | ||
| 040 |
_aMACL _cMACL |
||
| 041 | _aEnglish | ||
| 082 | _a100/COO | ||
| 245 | _aTranscendentalism | ||
| 260 |
_bDavid Bryce & Son _c1878 |
||
| 650 |
_aPhilosophy _923628 |
||
| 942 |
_cBK _k100/COO _2ddc |
||
| 999 |
_c39034 _d39034 |
||